Missing Word: Albums (A) Quiz Stats

 Plays Quiz Updated Jun 29, 2015

Challenge
Share
Tweet
Embed
Score 0/24 Timer 04:00
0 Plays Today
Album 'A' Word % Correct
____ of SpadesAce
97.5%
____ PieAmerican
97.5%
____ Things Must PassAll
97.1%
No Strings ____Attached
96.8%
Let's Talk ____ LoveAbout
96.2%
____ RoadAbbey
93.8%
Brothers in ____Arms
91.5%
____ You ExperiencedAre
82.9%
____ the World in a DayAround
82.6%
Me ____ the WorldAgainst
79.5%
Frampton Comes ____Alive!
74.9%
Love is the ____Answer
74.9%
Album 'A' Word % Correct
Live at the ____Apollo
71.6%
Come ____ With MeAway
70.8%
____ the Gold RushAfter
69.4%
It ____ Me BabeAin't
66.7%
My ____ is TrueAim
66.2%
____ BabyAchtung
62.7%
____ for DestructionAppetite
61.4%
The Black ____Album
47.1%
____ for the PeopleAutomatic
40%
Stadium ____Arcadium
38.2%
____ SaneAladdin
29.6%
____ WeeksAstral
26.8%

Today's Daily Dose

You're not logged in!

Compare scores with friends on all Sporcle quizzes.
Join for Free
OR
Log In

You Might Also Like...

Show Comments

Extras

Top Quizzes Today


Score Distribution

Your Account Isn't Verified!

In order to create a playlist on Sporcle, you need to verify the email address you used during registration. Go to your Sporcle Settings to finish the process.

Report this User

Report this user for behavior that violates our Community Guidelines.

Details: